| 000 | 01441nam a2200217Ia 4500 | ||
|---|---|---|---|
| 003 | Ost | ||
| 005 | 20260507075411.0 | ||
| 008 | 260507s9999||||xx |||||||||||||| ||und|| | ||
| 040 | _cfsecg | ||
| 041 | _aara | ||
| 082 | _a330 | ||
| 100 |
_aمسعد، محي محمد _eمؤلف |
||
| 245 | 0 |
_aعولمة الإقتصاد في الميزان : _bالإيجابيات والسلبيات / _c محي محمد مسعد |
|
| 260 |
_aالإسكندرية: _bالمكتب الجامعي الحديث, _c2010 |
||
| 300 |
_a519 صفحة؛ _bإيضاحات ؛ _c25 سم |
||
| 520 | _aيضم دور الشفافية في مواجهة عولمة الفساد، المال في الإسلام ودوره في تنمية الإقتصاد العربي، دور التعليم في تحقيق النموذج الماليزي للتنمية البشرية، البنوك المصرية بين التعثر عملائها وإعادة الهيكلة، دور الرقابة المصرفية في تحقيق الإئتمان والشفافية، دور الدولة المعززة للتنافسية، دور الدولة في سوق المال المصرية، دور السياسات الإقتصادية المصرية في تفادي آثار الأزمة المالية العالمية | ||
| 653 | _aالإقتصاد | ||
| 653 | _aالتنمية الإقتصادية- البلدان العربية | ||
| 653 | _aالعولمة | ||
| 942 | _cكتاب | ||
| 999 |
_c44399 _d44399 |
||